En Panamá ya estamos construyendo democracia /

Saved in:
Bibliographic Details
Main Author: Arias Calderón, Ricardo
Format: Text
Tags: Add Tag
No Tags, Be the first to tag this record!

MARC

LEADER 00000 a a2200000 04500
001 47820
003
040
100 |a Arias Calderón, Ricardo  
245 |a En Panamá ya estamos construyendo democracia /  |c Ricardo Arias Calderón  
773 |g número10, (abril-junio, 1988), páginas 50-52  
999 |c 31766  |d 31766